00354nam a22001337a 4500020001800000082001800018100001800036245005300054260003200107300001000139650003000149650002500179650001600204 a9789354325182 aM300 9bSRE/A aSreekumar S S aAdhunikananthara vishadayogam/cby Sreekumar S S aKottayam:bDC books,c2024. a256p. aNovel Malayalam Criticism aLiterature Malayalam aLiterature